[Event "World Team-ch Women 2017"]
[Site "Khanty-Mansyisk"]
[Date "2017.06.18"]
[Round "2"]
[White "Lagno, Kateryna"]
[Black "Vo, Thi Kim Phung"]
[Result "1/2-1/2"]
[WhiteElo "2539"]
[BlackElo "2378"]
[Annotator "TA"]
[PlyCount "129"]
[EventDate "2017.??.??"]
[EventType "team-tourn"]
[EventCountry "RUS"]
[SourceTitle "playchess.com"]
[Source "ChessBase"]
[SourceQuality "1"]
[WhiteTeam "RUS"]
[BlackTeam "VIE"]
[WhiteTeamCountry "RUS"]
[BlackTeamCountry "VIE"]

{[%evp 23,129,-8,0,0,0,0,21,0,0,0,0,0,0,-13,-10,-18,-10,-8,0,-28,-16,-12,-9,-3,0,12,9,0,0,-62,-62,-95,-100,-88,-93,-78,-82,-90,-82,-108,-120,-124,-124,-175,-166,-164,-152,-160,-154,-176,-152,-201,-191,-238,-236,-197,-187,-175,-183,-194,-167,-247,-243,-305,-288,-311,-307,-307,-275,-410,-401,-353,-390,-357,-377,-512,-509,-494,-489,-492,-510,-349,0,0,0,0,0,0,0,0,0,0,0,0,0,0,0,0,0,0,0,0,0,0,0,0,0,0]} 1. e4 e6 2. d4 d5 3. Nd2 Nf6 4. e5 Nfd7 5. Bd3 c5 6. c3 Nc6 7. Ngf3 Qb6 8. O-O cxd4 9. cxd4 Nxd4 10. Nxd4 Qxd4 11. Nf3 Qb6 12. a3 Be7 {LiveBook: 10 Games} 13. Be3 {C06: French Tarrasch: 3...Nf6 4 e5 Nfd7 5 Bd3 main lines} (13. Qa4 Qd8 14. Qg4 g6 15. Bh6 Nc5 16. Bc2 Bd7 17. Nd4 a5 18. b3 Qb6 19. Rfe1 Ne4 20. Be3 Bc5 21. Nf3 Bxe3 {½-½ (21) Degraeve,J (2593)-Dgebuadze,A (2511) Cappelle-la-Grande 2017}) 13... Bc5 14. Bd2 $146 {[%cal Be3d2,Bd2c3,Bc3d4][%mdl 32]} ({Predecessor:} 14. Bc1 a5 15. Qa4 Qc7 16. Re1 b6 17. Qg4 g6 18. Bh6 Bf8 19. Bg5 Bg7 20. Rac1 Qb8 {1-0 (39) Lopez Ziegler,C (1925)-Gil Calvente,J (1723) Madrid 2015}) 14... f5 (14... Qxb2 $5 {[%cal Rd7e5]} 15. Qa4 Qb6 $11) 15. exf6 (15. b4 $5 {[%cal Rb4c5]} Bd4 16. Nxd4 Qxd4 17. Be3 Qxe5 18. Qh5+ g6 19. Qh6 $14) 15... Nxf6 16. b4 Bd6 17. Bc3 O-O 18. Bd4 Qd8 19. Re1 a5 20. b5 Qe7 21. Qc2 Bd7 22. Ne5 a4 23. Re3 Rfc8 24. Qe2 Be8 25. Nf3 Bf7 $36 {[%mdl 2048] [#] White must now prevent ...Ng4. Black is more active.} 26. Bf5 (26. Ne5 $11) 26... Bf4 $15 27. Rxe6 Bxe6 28. Qxe6+ Qxe6 29. Bxe6+ Kf8 30. Bxc8 Rxc8 31. Kf1 Ne4 32. Ke2 Rc1 33. g3 (33. Rxc1 $17 Bxc1 34. Ne5) 33... Rxa1 $19 34. Bxa1 {[%mdl 4096] Endgame KBN-KBN} Bc1 35. Nd4 Bxa3 36. Ne6+ Ke7 37. Nxg7 Nd6 38. f4 Nxb5 39. Nf5+ Ke6 40. g4 Bc1 41. Ne3 d4 42. f5+ {[#]} (42. Ng2 {keeps fighting.}) 42... Ke5 $1 43. Nc4+ Ke4 44. f6 Bg5 45. f7 Be7 46. Nd2+ (46. h4 $142) 46... Kd5 47. Kd3 Nd6 48. Bxd4 Nxf7 49. Nc4 {If White can now play Nb6+ this consolidates a bit.} b5 50. Ne3+ Ke6 51. Nf5 Bf6 52. Kc3 Nd6 $2 ({Black should try} 52... Ne5 $19 53. Bxe5 Bxe5+ 54. Kb4 Bxh2 55. Kxb5 a3 56. Nd4+ Kf6) 53. Bxf6 $11 {Bd4 is the strong threat.The position is equal.} Nxf5 {KB-KN} 54. Bg5 Nd6 (54... Ne7 $5 55. Kb4 $8 Nd5+ 56. Kxb5 a3 $11) 55. Kb4 Kd5 56. Bc1 Nc4 (56... Kd4 $5 {[%cal Rd4d3]}) 57. g5 Ne5 (57... Kc6 {seems wilder.} 58. h4 Ne5 59. Kc3 Kd5 60. h5 Nc6) 58. Kxb5 Nf3 59. Kxa4 Nxh2 60. Kb3 Ke4 61. Kc2 Kf3 62. Kd3 Kg4 63. Ke2 Nf3 64. Kf2 Nxg5 65. Bxg5 {Precision: White = 65%, Black = 71%.} 1/2-1/2

[Event "World Team-ch Women 2017"]
[Site "Khanty-Mansyisk"]
[Date "2017.06.18"]
[Round "2"]
[White "Dzagnidze, Nana"]
[Black "Socko, Monika"]
[Result "1-0"]
[WhiteElo "2533"]
[BlackElo "2485"]
[Annotator "TA"]
[PlyCount "85"]
[EventDate "2017.??.??"]
[EventType "team-tourn"]
[EventCountry "RUS"]
[SourceTitle "playchess.com"]
[Source "ChessBase"]
[SourceQuality "1"]
[WhiteTeam "GEO"]
[BlackTeam "POL"]
[WhiteTeamCountry "GEO"]
[BlackTeamCountry "POL"]

{[%evp 13,85,28,46,0,35,32,34,35,30,28,30,29,32,23,117,119,116,116,113,116,112,108,111,115,109,102,110,102,102,94,168,164,167,162,163,156,167,167,279,277,289,286,265,257,377,338,326,278,266,265,1526,879,823,797,1427,1426,1406,1406,1371,1359,1143,802,758,743,762,747,5627,5627,5527,5514,5197,626,29994,641]} 1. c4 Nf6 2. Nf3 g6 3. b3 Bg7 4. Bb2 d6 5. g3 O-O 6. Bg2 c5 7. d4 {[%cal Bd2d4,Bd4d5][%mdl 32]} Nc6 8. Nc3 {E60: King's Indian: Unusual lines and Fianchetto Variation without Nc3} Bg4 (8... cxd4 9. Nxd4 Bd7 10. O-O Qa5 11. e3 Rfc8 12. Re1 Rab8 13. Rc1 a6 14. a3 Qd8 15. Nce2 Na5 16. a4 b5 17. axb5 axb5 18. cxb5 Rxc1 19. Bxc1 d5 {1-0 (68) Ribli,Z (2552)-Jankovic,A (2541) Slovenia 2014}) 9. d5 Na5 10. Nd2 {White is slightly better.} a6 11. a4 $146 ({Predecessor:} 11. Qc2 Rb8 12. h3 Bd7 13. O-O b5 14. Rab1 h5 15. e4 h4 16. g4 bxc4 17. bxc4 e5 18. Nd1 Bh6 19. Ne3 Nh7 20. Bc3 Qc7 21. Rb2 Bxe3 22. fxe3 Rxb2 23. Qxb2 {½-½ (50) Kraus,T (2406)-Jedlicka,A (2192) Czech Republic 2017}) 11... Rb8 12. O-O Bd7 13. Qc2 b5 (13... e5 $11 {remains equal.}) 14. axb5 $16 axb5 15. cxb5 Bxb5 16. Ra3 {And now Rfa1 would win.} Bd7 17. Rfa1 Nb7 18. Nc4 Ne8 19. Ra6 Nc7 20. Rb6 $36 {[%mdl 2048] Keeping Black busy.} Qc8 21. Ra7 Nd8 (21... Bf5 $16 {is a better defense.} 22. e4 Bd7) 22. Ne4 $18 Rxb6 23. Nxb6 Qb8 24. Bxg7 ({But not} 24. Nxd7 $6 Qxa7 25. Nxf8 Kxf8 $11) 24... Kxg7 25. Qc3+ (25. Nxd7 Qxa7 26. Qb2+ f6 $11) 25... f6 (25... Kg8 {was called for.}) 26. Qa5 (26. Nxd7 Qxa7 27. Nxf8 Kxf8 $11) 26... Be8 27. Nd7 Bxd7 28. Qxc7 Qxb3 (28... Qxc7 {was necessary.} 29. Rxc7 f5 30. Rxd7 (30. Nc3 Be8 $16) 30... fxe4 31. Rxe7+ Nf7 32. Bxe4 Kf6) 29. h4 f5 30. Ng5 {[%cal Be4g5,Bg5h3,Bh3f4,Bf4e6][%mdl 32]} ({Less strong is} 30. Qxd7 Qd1+ 31. Bf1 fxe4 $18) 30... h6 31. Nh3 Bb5 $2 (31... Qb5 32. Qxd7 Qxd7 33. Rxd7 Kf6) 32. Qxd6 {[#] Strongly threatening Nf4.} Qd1+ 33. Kh2 Nf7 34. Rxe7 Qd4 35. Nf4 Qf6 36. Qxc5 Re8 37. Rxf7+ Kxf7 38. Qxb5 g5 39. Ne6 gxh4 40. Bf3 {[#] Threatening mate with Bh5+.} hxg3+ 41. fxg3 {White wants to mate with Bh5+.} Re7 42. Qb8 (42. Bh5+ $142 Kg8 43. Qb8+ Kh7 44. Nf8+ Kg7 45. Ng6 Qxg6 46. Bxg6 Rxe2+ 47. Kh3 Kxg6 48. d6) 42... Rd7 43. Qf8+ {Precision: White = 71%, Black = 48%.} 1-0

[Event "World Team-ch Women 2017"]
[Site "Khanty-Mansyisk"]
[Date "2017.06.18"]
[Round "2"]
[White "Tan, Zhongyi"]
[Black "Zhukova, Natalia"]
[Result "1-0"]
[WhiteElo "2517"]
[BlackElo "2449"]
[Annotator "TA"]
[PlyCount "85"]
[EventDate "2017.??.??"]
[EventType "team-tourn"]
[EventCountry "RUS"]
[SourceTitle "playchess.com"]
[Source "ChessBase"]
[SourceQuality "1"]
[WhiteTeam "CHN"]
[BlackTeam "UKR"]
[WhiteTeamCountry "CHN"]
[BlackTeamCountry "UKR"]

{[%evp 13,85,22,39,27,33,29,29,31,37,21,19,20,23,17,23,10,22,6,12,0,16,0,28,23,91,58,101,102,109,98,107,74,110,108,119,83,79,31,31,29,55,45,262,248,249,250,507,500,692,691,682,675,712,701,720,716,714,681,774,764,1033,1021,969,999,1114,1104,1003,862,4241,4152,2448,1487,1880,1738]} 1. c4 c6 2. d4 d5 3. Nf3 Nf6 4. Nc3 e6 5. Bg5 Nbd7 6. e3 Qa5 7. cxd5 Nxd5 8. Rc1 {D52: Queen's Gambit Declined: Cambridge Springs Variation} (8. Qd2 Bb4 9. Rc1 b6 10. a3 Bxc3 11. bxc3 h6 12. Bh4 c5 13. c4 Qxd2+ 14. Nxd2 Ne7 15. f3 Ba6 16. Be2 f5 17. O-O {1-0 (49) So,W (2822)-Dreev,A (2651) chess.com INT 2017}) 8... Nxc3 9. bxc3 Ba3 10. Rc2 {White has an edge.} b6 11. Be2 Ba6 12. O-O Bxe2 13. Qxe2 O-O 14. Rd1 Rfe8 15. Bf4 Rac8 16. c4 $146 Bf8 17. e4 c5 18. d5 e5 (18... exd5 $11 {remains equal.} 19. cxd5 b5) 19. Bc1 Qa4 20. Rd3 Nf6 21. Ne1 g6 22. Rb3 Qd7 23. Nd3 Nh5 24. h3 Bd6 25. Qg4 f5 26. exf5 Nf6 27. Qh4 $36 {[%mdl 2048] White has good play.} Qxf5 $2 {[#]} (27... e4 $1 $14 28. Nb2 Qxf5) 28. g4 $1 $18 {[%cal Rg4f5]} Qf3 {Strongly threatening ...Qd1+.} 29. Ne1 Qd1 $2 {[#]} (29... Qe4 {is a better defense.} 30. Re3 (30. Qxf6 Qxe1+ 31. Kh2 Qd1 $11) 30... g5 31. Qxg5+ (31. Rxe4 gxh4 32. Ree2 b5 $16) 31... Qg6 32. Qxg6+ hxg6) 30. Kf1 $1 {White is clearly winning.} ({Worse is} 30. Qxf6 Qxe1+ 31. Kh2 Qd1 $11) 30... Nxd5 {aiming for ...Be7.} 31. Rd3 Qxd3+ 32. Nxd3 e4 33. Ne1 Nb4 34. Re2 Nc6 35. g5 Nd4 36. Rxe4 Rf8 37. Rxd4 cxd4 38. Qxd4 Bc5 39. Qd5+ Rf7 40. Nd3 Kf8 41. Nxc5 bxc5 {[#]} 42. Bf4 $1 {[%mdl 512]} Kg8 (42... Rxf4 43. Qd6+) 43. Be3 {Precision: White = 56%, Black = 43%.} 1-0

[Event "World Team-ch Women 2017"]
[Site "Khanty-Mansyisk"]
[Date "2017.06.18"]
[Round "2"]
[White "Goryachkina, Aleksandra"]
[Black "Luong, Phuong Hanh"]
[Result "1-0"]
[WhiteElo "2477"]
[BlackElo "2208"]
[Annotator "TA"]
[PlyCount "77"]
[EventDate "2017.??.??"]
[EventType "team-tourn"]
[EventCountry "RUS"]
[SourceTitle "playchess.com"]
[Source "ChessBase"]
[SourceQuality "1"]
[WhiteTeam "RUS"]
[BlackTeam "VIE"]
[WhiteTeamCountry "RUS"]
[BlackTeamCountry "VIE"]

{[%evp 17,77,23,19,6,14,22,36,5,14,-7,-2,0,0,0,-11,-9,-4,-18,-8,-39,0,0,0,0,0,0,0,0,0,0,0,0,143,49,356,347,1066,1089,885,1050,1031,1007,1024,988,1008,994,973,929,914,799,1081,991,1050,1033,969,963,1145,1130,1762,1756,1470,1486]} 1. d4 Nf6 2. c4 g6 3. Nc3 d5 4. cxd5 Nxd5 5. e4 Nxc3 6. bxc3 Bg7 7. Be3 c5 8. Qd2 cxd4 9. cxd4 Nc6 {[%cal Rg7d4,Bb8c6,Bc6e5,Be5c4,Bc4e3][%mdl 32]} 10. Bb5 {D85: Exchange Grünfeld: Unusual White 7th moves and lines with 7 Nf3} Bd7 (10... O-O 11. Ne2 Qa5 12. Qxa5 Nxa5 13. Rb1 a6 14. Bd3 b5 15. O-O Bd7 16. Rfc1 Rfc8 17. Kf1 e6 {½-½ (28) Graf,A (2564)-Gopal,G (2560) Bad Wiessee 2016}) 11. Ne2 O-O 12. O-O {White is slightly better.} Ne5 $146 ({Predecessor:} 12... a6 13. Ba4 b5 14. Bb3 Na5 15. Rac1 Nxb3 16. axb3 a5 17. Bh6 b4 18. Rc5 Qb6 19. Bxg7 Kxg7 20. Nf4 e6 21. h4 Rac8 22. Nh5+ gxh5 23. Qg5+ {1-0 (27) Drews,R (1899)-Trinkl,A (1817) Bayerisch Eisenstein 2014}) 13. Bxd7 (13. Rfb1 $5 {[%cal Rd4e5]} Bxb5 14. Rxb5 $14) 13... Nc4 14. Qb4 Nxe3 15. fxe3 Qxd7 16. e5 Rac8 17. Qb3 Rc6 18. a4 Rb6 19. Qa2 e6 20. Nc3 {[%cal Be2c3,Bc3b5,Bb5d6,Bd6f7][%mdl 32]} Qc6 21. Nb5 a6 22. Nd6 {a5 is the strong threat.} Qc3 {And now ...Rb2 would win.} 23. Qf2 Bh6 24. Rae1 {aiming for Ne4.} Rb3 {[#]} (24... f5 $11 {keeps the balance.}) 25. Kh1 $40 {[%mdl 128] Black needs to defend precisely.} (25. Qh4 $1 $16 {[%cal Rh4h6]} Bxe3+ 26. Kh1) 25... Bxe3 $2 {[%mdl 8192]} (25... Bg7 $14) 26. Qf6 $18 {[%cal Rd6f7]} Qxd4 $2 (26... Qc7 27. d5 (27. Rf3 Bd2 $11) 27... Qd7) 27. Nxf7 {[%csl Gf7][%cal Rf6h8] White is clearly winning.} Bf4 28. Rxf4 Qxf4 29. Qxf4 {White threatens Rf1 and mate.} Rxf7 30. Qc4 Rb6 31. h3 Rc6 32. Qd3 Rc8 33. Kh2 Rcf8 34. Qc4 Re8 35. Rd1 Rfe7 36. Rd6 Kg7 37. Qb3 Kf7 38. Rb6 Rb8 {[#]} 39. Rxa6 $1 {[%mdl 512] Precision: White = 63%, Black = 44%.} 1-0

[Event "World Team-ch Women 2017"]
[Site "Khanty-Mansyisk"]
[Date "2017.06.18"]
[Round "2"]
[White "Batsiashvili, Nino"]
[Black "Kulon, Klaudia"]
[Result "1/2-1/2"]
[WhiteElo "2468"]
[BlackElo "2381"]
[Annotator "ChessBase"]
[PlyCount "47"]
[EventDate "2017.??.??"]
[EventType "team-tourn"]
[EventCountry "RUS"]
[SourceTitle "playchess.com"]
[Source "ChessBase"]
[SourceQuality "1"]
[WhiteTeam "GEO"]
[BlackTeam "POL"]
[WhiteTeamCountry "GEO"]
[BlackTeamCountry "POL"]
[TimeControl "40/5400+30:1800+30"]

1. d4 {[%emt 0:00:00]} Nf6 {[%emt 0:00:35]} 2. c4 {[%emt 0:00:00]} e6 {[%emt 0:00:04]} 3. Nf3 {[%emt 0:00:00]} d5 {[%emt 0:00:32]} 4. Nc3 {[%emt 0:00:00]} dxc4 {[%emt 0:00:53]} 5. e4 {[%emt 0:02:02]} Bb4 {[%emt 0:00:20]} 6. Bg5 {[%emt 0:03:18]} c5 {[%emt 0:00:48]} 7. Bxc4 {[%emt 0:00:52]} cxd4 {[%emt 0:00:46]} 8. Nxd4 {[%emt 0:00:36]} Bxc3+ {[%emt 0:01:24]} 9. bxc3 {[%emt 0:00:07]} Qa5 {[%emt 0:00:22]} 10. Bxf6 {[%emt 0:01:50]} Qxc3+ {[%emt 0:01:36]} 11. Kf1 {[%emt 0:00:58]} gxf6 {[%emt 0:00:49]} 12. Rc1 {[%emt 0:00:36]} Qa5 {[%emt 0:00:46]} 13. Bb5+ {[%emt 0:09:58]} Ke7 {[%emt 0:03:54]} 14. e5 {[%emt 0:01:09]} fxe5 {[%emt 0:02:20]} 15. Qh5 {[%emt 0:00:53]} Nd7 {[%emt 0:02:31]} 16. Qg5+ {[%emt 0:01:27]} Kf8 {[%emt 0:01:39]} 17. Rxc8+ {[%emt 0:03:44]} Rxc8 {[%emt 0:00:15]} 18. Bxd7 {[%emt 0:00:05]} Qd8 {[%emt 0:01:09]} 19. Nxe6+ {[%emt 0:00:34]} fxe6 {[%emt 0:00:05]} 20. Qh6+ {[%emt 0:00:05]} Kf7 {[%emt 0:03:16]} 21. Qxe6+ {[%emt 0:01:03]} Kf8 {[%emt 0:02:49]} 22. Qh6+ {[%emt 0:00:43]} Kf7 {[%emt 0:02:16]} 23. Qe6+ {[%emt 0:00:13]} Kf8 {[%emt 0:00:05]} 24. Qh6+ {[%emt 0:00:05]} 1/2-1/2

[Event "World Team-ch Women 2017"]
[Site "Khanty-Mansyisk"]
[Date "2017.06.18"]
[Round "2"]
[White "Ushenina, Anna"]
[Black "Ju, Wenjun"]
[Result "1/2-1/2"]
[WhiteElo "2458"]
[BlackElo "2583"]
[Annotator "TA"]
[PlyCount "65"]
[EventDate "2017.??.??"]
[EventType "team-tourn"]
[EventCountry "RUS"]
[SourceTitle "playchess.com"]
[Source "ChessBase"]
[SourceQuality "1"]
[WhiteTeam "UKR"]
[BlackTeam "CHN"]
[WhiteTeamCountry "UKR"]
[BlackTeamCountry "CHN"]

{[%evp 18,65,5,4,17,13,11,7,6,10,18,13,20,2,12,0,15,0,0,-10,41,-5,0,-31,-9,-7,0,-20,18,-31,-3,-5,0,-20,-17,-20,-20,-16,-18,-19,-16,-33,0,-23,0,-25,0,0,0,-19]} 1. d4 Nf6 2. c4 e6 3. g3 d5 4. Nf3 Bb4+ 5. Bd2 Be7 6. Bg2 O-O 7. O-O c6 8. Qc2 Nbd7 9. Rd1 b6 10. b3 a5 {E11: Bogo-Indian} 11. Bc3 Bb7 (11... Ne4 12. Ne5 Nxe5 13. Bxe4 f5 14. Bxd5 exd5 15. dxe5 f4 16. cxd5 cxd5 17. Bd4 Ba6 18. Qc6 Bxe2 {½-½ (28) Ding,L (2773)-Giri,A (2785) Moscow 2017}) 12. Nbd2 Qc7 13. Rac1 c5 14. dxc5 bxc5 15. cxd5 exd5 {[#]} 16. Bb2 $146 ({Predecessor:} 16. Ne1 Qb8 17. e4 d4 18. Bb2 {0-1 (36) Bluebaum,M (2600)-Babula,V (2552) Zillertal 2015}) 16... Rfd8 17. e3 Qb6 18. Ne1 {[#]} Rac8 ({Black should play} 18... a4 $1 $11 {[%mdl 512]}) 19. Qf5 a4 20. Rb1 axb3 21. axb3 Nf8 22. Nd3 (22. b4 $5) 22... d4 23. e4 (23. Nc4 $5 {[%cal Rc4b6]} Qc7 24. Bxb7 Qxb7 25. exd4 $14) 23... Ne6 (23... Rb8 $5 {[%cal Rb7c8]} 24. e5 Nd5 $15) 24. Qf3 Ba6 {[%cal Bb7a6,Ba6b5,Bb5c6][%mdl 32]} 25. Ba1 Rb8 26. Qe2 Bb5 27. Rbc1 Qa6 28. Nc4 Bc6 29. Nd2 Bb5 30. Nc4 Bc6 31. Nd2 Bb5 32. Nc4 Bc6 33. Nd2 {Precision: White = 50%, Black = 37%.} 1/2-1/2

[Event "World Team-ch Women 2017"]
[Site "Khanty-Mansyisk"]
[Date "2017.06.18"]
[Round "2"]
[White "Gaponenko, Inna"]
[Black "Lei, Tingjie"]
[Result "1-0"]
[WhiteElo "2429"]
[BlackElo "2488"]
[Annotator "TA"]
[PlyCount "101"]
[EventDate "2017.??.??"]
[EventType "team-tourn"]
[EventCountry "RUS"]
[SourceTitle "playchess.com"]
[Source "ChessBase"]
[SourceQuality "1"]
[WhiteTeam "UKR"]
[BlackTeam "CHN"]
[WhiteTeamCountry "UKR"]
[BlackTeamCountry "CHN"]

{[%evp 17,101,15,19,27,38,20,16,17,21,10,23,14,47,0,13,0,0,0,0,0,0,0,0,0,0,-5,0,0,18,20,66,63,47,35,76,79,87,76,78,83,91,95,104,105,100,97,154,148,162,162,163,151,242,242,242,242,228,228,213,204,964,933,1081,1096,3914,3846,3526,3232,3102,3116,2985,2703,11089,1760,29980,29974,29981,29982,29982,29983,29983,29984,29984,29983,29985,29986]} 1. e4 c6 2. d4 d5 3. Nc3 dxe4 4. Nxe4 Bf5 5. Nc5 b6 6. Nb3 Nf6 7. Nf3 e6 8. g3 Bd6 {B18: Classical Caro-Kann: 4...Bf5 sidelines} 9. Bg2 Qc7 {LiveBook: 10 Games} (9... O-O 10. O-O Nbd7 11. Qe2 Rc8 12. c4 {½-½ (12) Rublevsky,S (2681)-Riazantsev,A (2671) Khanty-Mansiysk 2016}) 10. Nbd2 b5 {White has an edge.} 11. a4 Nbd7 12. O-O O-O 13. Re1 {[#]} Rac8 $146 ({Predecessor:} 13... a6 14. c3 Nb6 15. axb5 axb5 16. Rxa8 Rxa8 {1-0 (60) Ovetchkin,R (2534)-Panarin,M (2526) playchess.com INT 2007}) 14. c3 Rfe8 15. Qb3 a6 16. axb5 axb5 17. Nh4 Bg4 18. Ne4 Nxe4 19. Rxe4 Bh5 20. Re1 Nb6 21. Nf3 Nc4 22. Nd2 Nxd2 23. Bxd2 Ra8 24. Rxa8 Rxa8 25. c4 bxc4 26. Qxc4 Qb6 27. Qxc6 Qxc6 28. Bxc6 Ra2 29. Bc3 h6 30. Kg2 Bg6 31. d5 exd5 (31... Ra6 $142) 32. Bxd5 $16 Ra4 33. h4 {[%cal Bh2h4,Bh4h5][%mdl 32]} Kh7 34. Bf3 Bb4 {[#]} (34... Bc2 $16 {was worth a try.} 35. Bd1 Bxd1) 35. h5 $1 $18 {[%cal Rh5g6]} Bf5 36. Be4 g6 37. hxg6+ fxg6 {Threatens to win with ...Bxc3.} 38. Bxf5 gxf5 $2 {[%mdl 4096] Endgame [#] KRB-KRB} (38... Bxc3 39. Bxg6+ (39. bxc3 gxf5 40. Re5 Kg6 $16) 39... Kxg6 40. bxc3 Rc4) 39. b3 $1 Ra3 40. Bxb4 Rxb3 {KRB-KR} 41. Bd2 Rb6 42. Re7+ Kg6 43. Bc3 Rc6 44. Be5 Kh5 45. Kh3 Rc5 46. f3 {[%cal Bf2f3,Bf3g4][%mdl 32] White mates.} Rc6 47. g4+ fxg4+ 48. fxg4+ Kg5 49. Rg7+ Rg6 50. Rxg6+ Kxg6 51. Kh4 {Precision: White = 77%, Black = 47%.} 1-0

[Event "World Team-ch Women 2017"]
[Site "Khanty-Mansyisk"]
[Date "2017.06.18"]
[Round "2"]
[White "Zawadzka, Jolanta"]
[Black "Khotenashvili, Bela"]
[Result "0-1"]
[WhiteElo "2426"]
[BlackElo "2452"]
[Annotator "TA"]
[PlyCount "88"]
[EventDate "2017.??.??"]
[EventType "team-tourn"]
[EventCountry "RUS"]
[SourceTitle "playchess.com"]
[Source "ChessBase"]
[SourceQuality "1"]
[WhiteTeam "POL"]
[BlackTeam "GEO"]
[WhiteTeamCountry "POL"]
[BlackTeamCountry "GEO"]

{[%evp 17,88,0,0,0,0,0,10,10,16,3,18,18,17,19,25,25,18,16,16,5,13,0,22,14,12,6,9,8,8,4,20,17,16,21,13,8,10,4,13,0,0,0,0,0,10,0,1,-37,33,0,18,-11,-12,-37,-47,-514,-492,-597,-541,-684,-669,-996,-924,-1619,-857,-829,-824,-770,-611,-613,-610,-606,-600]} 1. e4 e5 2. Nf3 Nc6 3. Nc3 Nf6 4. d4 exd4 5. Nxd4 Bb4 6. Nxc6 bxc6 7. Bd3 O-O 8. O-O d5 9. exd5 cxd5 10. h3 {C47: Scotch Four Knights and Four Knights with 4 g3} c6 11. Qf3 Rb8 12. Bf4 {The position is equal.} Bd6 13. b3 Rb4 14. Bxd6 Qxd6 15. Rfe1 Rb7 {[#]} 16. Qe3 $146 ({Predecessor:} 16. Na4 Re7 17. Qg3 Qxg3 18. fxg3 {1-0 (39) Andreikin,D (2713)-Safarli,E (2660) Khanty-Mansiysk 2013}) 16... c5 17. Rad1 Be6 18. Na4 (18. Be4 $5) 18... Rc7 19. Qd2 Qc6 20. Nc3 c4 21. bxc4 dxc4 22. Be4 Qc5 23. Qd6 Qa5 24. Bf3 Rd7 25. Qe5 Qa3 26. Rxd7 Nxd7 27. Qd4 Nf6 28. Re3 h6 29. Kh2 Qe7 30. Qe5 Qd7 31. Be2 Rc8 {[%cal Bf8c8,Bc8c5,Bc5b5][%mdl 32]} 32. f4 Qc7 (32... Bf5 $15) 33. Bf3 Qc5 34. Nb5 Qb6 $1 $36 {[%mdl 2048] [#] ...Rc5 is the strong threat. Black is more active.} 35. a4 Rc5 36. Qd4 $2 {[%mdl 8192]} ({White should play} 36. Qc3 $15) 36... Rxb5 $1 $19 {Black is clearly winning.} 37. Qd2 Rc5 38. g4 Bd5 39. g5 hxg5 40. fxg5 Qd6+ 41. Kg1 Qg3+ 42. Bg2 Qxg2+ 43. Qxg2 Bxg2 44. gxf6 Bc6 {Precision: White = 41%, Black = 57%.} 0-1

[Event "World Team-ch Women 2017"]
[Site "Khanty-Mansyisk"]
[Date "2017.06.18"]
[Round "2"]
[White "Zatonskih, Anna"]
[Black "Harika, Dronavalli"]
[Result "1/2-1/2"]
[WhiteElo "2419"]
[BlackElo "2535"]
[Annotator "TA"]
[PlyCount "35"]
[EventDate "2017.??.??"]
[EventType "team-tourn"]
[EventCountry "RUS"]
[SourceTitle "playchess.com"]
[Source "ChessBase"]
[SourceQuality "1"]
[WhiteTeam "USA"]
[BlackTeam "IND"]
[WhiteTeamCountry "USA"]
[BlackTeamCountry "IND"]

{[%evp 18,21,6,8,13,5]} 1. Nf3 d5 2. d4 Nf6 3. c4 e6 4. g3 Bb4+ 5. Bd2 Be7 6. Bg2 O-O 7. O-O Nbd7 8. Qc2 c6 9. Rd1 b6 10. Bf4 Ba6 {E08: Closed Catalan: Main Line: 7 Qc2} 11. Ne5 {Predecessor:} Rc8 $146 12. cxd5 Nxd5 13. Nc3 Nxe5 14. Bxe5 Nxc3 15. bxc3 Bc4 16. e4 Bd6 17. Bxd6 Qxd6 18. Qa4 {½-½ (30) Inarkiev,E (2730)-Gelfand,B (2734) Magas 2016} 1/2-1/2